| 000 | 00903cam a2200253 a 4500 | ||
|---|---|---|---|
| 001 | 2566 | ||
| 005 | 20240105154409.0 | ||
| 020 | _a9780439858007 | ||
| 040 |
_aDLC _cDLC _dDLC _beng |
||
| 050 | 0 | 0 |
_aPZ7.G29334 _b 2004 |
| 082 | 0 | 0 | _a813.54 |
| 100 | 1 | _aGeorge, Lindsay Barrett | |
| 245 | 1 | 0 |
_aInside mouse, outside mouse / _cLindsay Barrett George |
| 250 | _aFirst Scholastic printing, April 2006 | ||
| 260 |
_aNew York : _bScholastic, _c2004 |
||
| 300 |
_a31 unnumbered pages : _bcolor illustrations ; _c30 cm |
||
| 505 | _aE | ||
| 520 | _aTwo mice, one who sleeps inside the house in a clock and one who sleeps outside the house in a stump, follow complicated but strangely parallel paths and meet each other at a window. | ||
| 521 |
_a270
_bLexile |
||
| 521 |
_aE
_bRaz-Plus |
||
| 650 | 1 |
_aMice _vFiction |
|
| 906 |
_a7 _bcbc _corignew _d1 _eocip _f20 _gy-gencatlg |
||
| 942 |
_2ddc _cBK _n0 |
||
| 999 |
_c2566 _d2566 |
||